Language Quiz

Random Language or Letter Quiz

All Five Vowels Quiz Stats

 Plays Quiz Updated Jan 30, 2019

Support Sporcle.
Go Orange.
Score 0/20 Timer 08:00
0 Plays Today
Definition Word % Correct
A wheeled passenger vehicle, e.g. a car or busAutomobile
60.4%
Removal of people from a city for safety reasonsEvacuation
60.2%
A handheld percussion instrument with metal jinglesTambourine
54.7%
Knowledge gained in school, or the act of gaining itEducation
48.7%
At the same time; concurrentSimultaneous
41.3%
Conversation between two or more peopleDialogue
36.9%
One who loves music or high-fidelity soundAudiophile
36.6%
Lung illness causing shortness of breath and feverPneumonia
33.9%
In mathematics, a statement that two things are the sameEquation
26.7%
A tall, coniferous tree with reddish barkSequoia
26.4%
Definition Word % Correct
An exaggerated feeling of happiness or confidenceEuphoria
23.3%
To implant an antigen to stimulate disease resistanceInoculate
21.9%
A measure taken in advance to avert possible evilPrecaution
19.5%
Not meant to be taken seriously or literally; amusingFacetious
14%
To exchange information or thoughts; make known Communicate
11.7%
To empower; to formally sanction or allowAuthorize
10.5%
Following as an effect or result; importantConsequential
9.6%
Unstable or unbalanced; perilous; uncertainPrecarious
8.6%
A law or rule meant to control conductRegulation
7.8%
To frown upon; to obstruct by oppositionDiscourage
3%

From the Vault

Corporate Logo Silhouettes

by jonesjeffum

Some of these logos seem a little shady.
Remove Ads.
Support Sporcle.
Get the best of Sporcle when you Go Orange. This ad-free experience offers more features, more stats, and more fun while also helping to support Sporcle. Thank you for becoming a member.

Show Comments

Extras

Top Quizzes Today


Score Distribution

Your Account Isn't Verified!

In order to create a playlist on Sporcle, you need to verify the email address you used during registration. Go to your Sporcle Settings to finish the process.

Report this User

Report this user for behavior that violates our Community Guidelines.

Details: